Analýza priorít Operačného programu ŽP na roky 2007-2010 diplomová práca

Enregistré dans:
Détails bibliographiques
Auteur principal: Halušicová, Radka
Collectivité auteur: Národohospodárska fakulta EU. Katedra verejnej správy a regionálneho rozvoja
Autres auteurs: Mišúnová, Ema
Format: Livre
Langue:slovaque
Publié: Bratislava 2010
Tags: Ajouter un tag
Pas de tags, Soyez le premier à ajouter un tag!

MARC

LEADER 00000nam$a2200000$$$4500
001 0120821
005 20240318121743.7
041 0 |a slo 
044 |a SK 
245 1 0 |a Analýza priorít Operačného programu ŽP na roky 2007-2010  |b diplomová práca  |c Radka Halušicová ; škol. Ema Mišúnová 
264 1 |a Bratislava  |c 2010 
300 |a 85 s. 
100 1 |a Halušicová, Radka 
700 1 |a Mišúnová, Ema 
710 2 |a Národohospodárska fakulta EU. Katedra verejnej správy a regionálneho rozvoja